[Event "Regionalliga Sued-West 1819"]
[Site "Bayern"]
[Date "2018.12.16"]
[Round "4.5"]
[White "Koelbl, Jonathan"]
[Black "Wittke, Volker"]
[Result "0-1"]
[WhiteElo "1905"]
[BlackElo "2067"]
[PlyCount "36"]
[EventDate "2018.10.21"]
[EventType "team-tourn"]
[EventRounds "9"]
[EventCountry "GER"]
[SourceTitle "EXT 2022"]
[Source "ChessBase"]
[SourceDate "2021.10.06"]
[SourceVersion "1"]
[SourceVersionDate "2021.10.06"]
[SourceQuality "1"]
[WhiteTeam "Klosterlechfeld"]
[BlackTeam "Garching III"]
[WhiteTeamCountry "GER"]
[BlackTeamCountry "GER"]

1. e4 c5 2. Nc3 Nc6 3. Bb5 Nd4 4. Nf3 a6 5. Bd3 g6 6. Nxd4 cxd4 7. Ne2 Bg7 8. c3 dxc3 9. dxc3 d6 10. 0-0 Nf6 11. Qb3 0-0 12. f4 b5 13. Be3 Bb7 14. Ng3 Ng4 15. Bf2 Bh6 16. Be1 e5 17. f5 Be3+ 18. Kh1 Nxh2 0-1

[Event "Forchheim op-B 13th"]
[Site "Forchheim"]
[Date "2014.10.05"]
[Round "5"]
[White "Koelbl, Jonathan"]
[Black "Luther, Helmut"]
[Result "0-1"]
[WhiteElo "1891"]
[BlackElo "1992"]
[PlyCount "74"]
[EventDate "2014.10.03"]
[EventType "swiss"]
[EventRounds "5"]
[EventCountry "GER"]
[SourceTitle "EXT 2019"]
[Source "ChessBase"]
[SourceDate "2018.10.10"]
[SourceVersion "1"]
[SourceVersionDate "2018.10.10"]
[SourceQuality "1"]

1. e4 d5 2. exd5 Qxd5 3. Nf3 Bg4 4. Be2 Nf6 5. d4 Nc6 6. c4 Qh5 7. 0-0 0-0-0 8. h3 e5 9. d5 e4 10. Nd4 Bxe2 11. Nxe2 Ne5 12. Nbc3 Bd6 13. b4 Nxc4 14. Qa4 Kb8 15. Qb5 Nb6 16. Be3 a6 17. Qa5 Nc4 18. Qa4 Nxe3 19. fxe3 Nxd5 20. b5 Nxc3 21. Nxc3 Qe5 22. Nxe4 axb5 23. Qc2 Qh2+ 24. Kf2 f5 25. Nxd6 Rxd6 26. Rh1 Qe5 27. Rhd1 Re8 28. Qb3 Rg6 29. Kf1 Qh2 30. Qd5 f4 31. exf4 Qxf4+ 32. Kg1 Qe3+ 33. Kh1 Qe4 34. Qd2 Rd6 35. Qg5 Rg6 36. Qd2 Qe2 37. Qd5 c6 0-1

[Event "Forchheim op-B 13th"]
[Site "Forchheim"]
[Date "2014.10.03"]
[Round "2"]
[White "Wagner, Robert"]
[Black "Koelbl, Jonathan"]
[Result "1-0"]
[WhiteElo "1848"]
[BlackElo "1891"]
[PlyCount "45"]
[EventDate "2014.10.03"]
[EventType "swiss"]
[EventRounds "5"]
[EventCountry "GER"]
[SourceTitle "EXT 2019"]
[Source "ChessBase"]
[SourceDate "2018.10.10"]
[SourceVersion "1"]
[SourceVersionDate "2018.10.10"]
[SourceQuality "1"]

1. d4 c6 2. Nf3 d6 3. b3 Bg4 4. Nbd2 Nd7 5. e3 e5 6. Be2 Ngf6 7. dxe5 dxe5 8. Bb2 Qc7 9. 0-0 h5 10. h3 e4 11. Nd4 Bxe2 12. Qxe2 g5 13. Nf5 Rg8 14. Rad1 Qa5 15. Nd6+ Bxd6 16. Nc4 Bh2+ 17. Kxh2 Qc7+ 18. Nd6+ Kf8 19. Kh1 Rg6 20. f3 Ng4 21. fxg4 Rxd6 22. Qf2 f6 23. gxh5 1-0

[Event "Landesliga U20 Sued 1314"]
[Site "Bayern"]
[Date "2014.01.25"]
[Round "5.1"]
[White "Koelbl, Jonathan"]
[Black "Bosse, Lea"]
[Result "1-0"]
[WhiteElo "1954"]
[BlackElo "1704"]
[PlyCount "55"]
[EventDate "2013.11.16"]
[EventType "team-tourn"]
[EventRounds "7"]
[EventCountry "GER"]
[SourceTitle "EXT 2022"]
[Source "ChessBase"]
[SourceDate "2021.10.06"]
[SourceVersion "1"]
[SourceVersionDate "2021.10.06"]
[SourceQuality "1"]
[WhiteTeam "Klosterlechfeld U20"]
[BlackTeam "Freising SK U20"]
[WhiteTeamCountry "GER"]
[BlackTeamCountry "GER"]

1. e4 e6 2. d3 d5 3. Nd2 Nf6 4. c3 dxe4 5. dxe4 e5 6. Qc2 Be6 7. Bc4 Bxc4 8. Nxc4 Nc6 9. Nf3 Nd7 10. 0-0 Bc5 11. b4 Bd6 12. Rd1 Qe7 13. b5 Nd8 14. Nxd6+ cxd6 15. Qd2 Nc5 16. Qxd6 Qxd6 17. Rxd6 Nxe4 18. Rd5 f6 19. Ba3 Nf7 20. Re1 Neg5 21. Nxg5 Nxg5 22. Red1 Nf7 23. Rd7 Nd8 24. Re7+ Kf8 25. Rdd7 h6 26. Rxg7+ Ke8 27. Rge7+ Kf8 28. Re6+ 1-0

[Event "Augsburg op"]
[Site "Augsburg"]
[Date "2013.12.29"]
[Round "5"]
[White "Kling, Max"]
[Black "Koelbl, Jonathan"]
[Result "1-0"]
[WhiteElo "1527"]
[BlackElo "1881"]
[PlyCount "87"]
[EventDate "2013.12.27"]
[EventType "swiss"]
[EventRounds "7"]
[EventCountry "GER"]
[SourceTitle "CBM 158 Extra"]
[Source "ChessBase"]
[SourceDate "2014.02.28"]
[SourceVersion "1"]
[SourceVersionDate "2014.02.28"]
[SourceQuality "1"]

1. e4 c5 2. d3 Nc6 3. g3 g6 4. Bg2 Bg7 5. Nd2 e6 6. Ngf3 Nge7 7. 0-0 0-0 8. Re1 b5 9. Nf1 Bb7 10. h4 d5 11. e5 Qc7 12. Bf4 d4 13. g4 Nd5 14. Bg3 a5 15. N1h2 c4 16. Qe2 cxd3 17. cxd3 a4 18. a3 b4 19. Nd2 bxa3 20. Rxa3 Ncb4 21. Nc4 Nb6 22. Bxb7 Qxb7 23. Nxb6 Qxb6 24. Rea1 Rfc8 25. Rxa4 Rxa4 26. Rxa4 Rc1+ 27. Nf1 h6 28. Qd2 Nxd3 29. Qxd3 Qxb2 30. Rxd4 Qa1 31. Rd8+ Kh7 32. Rd7 Kg8 33. Rd6 Kh7 34. Ra6 Qb2 35. Ra7 Rc3 36. Qe4 Rc1 37. Qd3 Rc3 38. Qa6 Rf3 39. Kg2 Qc3 40. Ne3 Rxg3+ 41. Kxg3 Qxe5+ 42. Kh3 Qf4 43. Qe2 Be5 44. Nf1 1-0

[Event "Augsburg op"]
[Site "Augsburg"]
[Date "2013.12.27"]
[Round "2"]
[White "Koelbl, Jonathan"]
[Black "Lavrinenkov, Vadim"]
[Result "0-1"]
[WhiteElo "1881"]
[BlackElo "2120"]
[PlyCount "52"]
[EventDate "2013.12.27"]
[EventType "swiss"]
[EventRounds "7"]
[EventCountry "GER"]
[SourceTitle "CBM 158 Extra"]
[Source "ChessBase"]
[SourceDate "2014.02.28"]
[SourceVersion "1"]
[SourceVersionDate "2014.02.28"]
[SourceQuality "1"]

1. e4 c5 2. Nc3 a6 3. a4 e6 4. f4 d5 5. Nf3 Nc6 6. d3 g6 7. g3 Bg7 8. Bg2 Nge7 9. 0-0 b6 10. Nh4 Nd4 11. Ne2 0-0 12. c3 Ndc6 13. Qc2 d4 14. f5 f6 15. Qb3 g5 16. Nf3 dxc3 17. bxc3 Qxd3 18. Ra2 Rb8 19. Rd2 Qxe4 20. Kh1 Na5 21. Qd1 Nxf5 22. Rd8 Bb7 23. Rxf8+ Rxf8 24. Neg1 Qd5 25. Qe2 g4 26. Nh4 Nxh4 0-1

[Event "Stein am Rhein op 1st"]
[Site "Stein am Rhein"]
[Date "2013.02.02"]
[Round "3"]
[White "Zeller, Frank"]
[Black "Koelbl, Jonathan"]
[Result "1-0"]
[WhiteElo "2419"]
[BlackElo "1887"]
[PlyCount "31"]
[EventDate "2013.02.01"]
[EventType "swiss"]
[EventRounds "5"]
[EventCountry "SUI"]
[SourceTitle "CBM 153 Extra"]
[Source "ChessBase"]
[SourceDate "2013.04.22"]
[SourceVersion "1"]
[SourceVersionDate "2013.04.22"]
[SourceQuality "1"]

1. e4 c6 2. d4 d6 3. Nc3 Qc7 4. f4 e5 5. Nf3 exd4 6. Qxd4 Nf6 7. e5 Nfd7 8. Ne4 d5 9. Nd6+ Bxd6 10. exd6 Qxd6 11. Qxg7 Qf6 12. Qg5 Qxg5 13. Nxg5 Nf6 14. Be3 Nbd7 15. c4 dxc4 16. Bxc4 1-0

[Event "Bayernliga 1213 U20"]
[Site "Bayern"]
[Date "2012.12.01"]
[Round "2.1"]
[White "Diller, Daniel"]
[Black "Koelbl, Jonathan"]
[Result "1/2-1/2"]
[WhiteElo "1911"]
[BlackElo "1852"]
[PlyCount "55"]
[EventDate "2012.10.20"]
[EventType "team-tourn"]
[EventRounds "7"]
[EventCountry "GER"]
[SourceTitle "EXT 2020"]
[Source "ChessBase"]
[SourceDate "2019.10.17"]
[SourceVersion "1"]
[SourceVersionDate "2019.10.17"]
[SourceQuality "1"]
[WhiteTeam "Erlangen SC U20"]
[BlackTeam "Klosterlechfeld U20"]
[WhiteTeamCountry "GER"]
[BlackTeamCountry "GER"]

1. c4 d6 2. g3 c6 3. Bg2 e5 4. Nc3 f5 5. d4 Nf6 6. dxe5 dxe5 7. Qxd8+ Kxd8 8. Nf3 Nbd7 9. Ng5 Kc7 10. Bh3 g6 11. Ne6+ Kd6 12. Nxf8 Nxf8 13. b3 Ne6 14. Ba3+ Kc7 15. Be7 Ng8 16. Ba3 Nh6 17. 0-0-0 Nf7 18. Rd2 Rd8 19. Rxd8 Nexd8 20. Rd1 Ne6 21. e3 Bd7 22. Ne2 Re8 23. Kc2 Bc8 24. Nc3 Rd8 25. Rxd8 Kxd8 26. Na4 b6 27. Bg2 Kc7 28. Nc3 1/2-1/2

[Event "Kesarovski Georgiev Memorial 11th"]
[Site "Sunny Beach"]
[Date "2012.09.08"]
[Round "8"]
[White "Koelbl, Jonathan"]
[Black "Nikolov, Jordan"]
[Result "0-1"]
[WhiteElo "1877"]
[BlackElo "2067"]
[PlyCount "41"]
[EventDate "2012.09.01"]
[EventType "swiss"]
[EventRounds "9"]
[EventCountry "BUL"]
[SourceTitle "CBM 150 Extra"]
[Source "ChessBase"]
[SourceDate "2012.10.19"]
[SourceVersion "1"]
[SourceVersionDate "2012.10.19"]
[SourceQuality "1"]

1. e4 e5 2. Nf3 Nc6 3. Bc4 Nf6 4. d3 Be7 5. c3 d6 6. Bb3 0-0 7. h3 a6 8. Nbd2 b5 9. Nf1 Na5 10. Bc2 c5 11. g4 Bb7 12. Ng3 Re8 13. g5 Nd7 14. Nf5 Nf8 15. h4 Qc7 16. h5 d5 17. N3h4 Qb6 18. Qg4 Qe6 19. Qh3 g6 20. Nxg6 fxg6 21. Bd1 0-1

[Event "Forchheim op 10th"]
[Site "Forchheim"]
[Date "2011.10.09"]
[Round "4"]
[White "Koelbl, Jonathan"]
[Black "Lechermann, Markus"]
[Result "0-1"]
[WhiteElo "1878"]
[BlackElo "2051"]
[PlyCount "126"]
[EventDate "2011.10.07"]
[EventType "swiss"]
[EventRounds "5"]
[EventCountry "GER"]
[SourceTitle "CBM 144 Extra"]
[Source "ChessBase"]
[SourceDate "2011.10.28"]
[SourceVersion "1"]
[SourceVersionDate "2011.10.28"]
[SourceQuality "1"]

1. e4 c5 2. Nc3 Nc6 3. f4 e6 4. Nf3 g6 5. Bb5 Nge7 6. 0-0 a6 7. Bxc6 Nxc6 8. d3 d6 9. Qe1 Bg7 10. f5 0-0 11. fxg6 fxg6 12. Bg5 Qb6 13. Qc1 Nd4 14. Nd2 Bd7 15. Rxf8+ Rxf8 16. Nc4 Qc6 17. Qd2 b5 18. Ne3 b4 19. Ncd1 d5 20. c3 bxc3 21. Nxc3 dxe4 22. Nxe4 Nf5 23. Ng4 Kh8 24. Bf6 Qd5 25. Bxg7+ Kxg7 26. Rc1 Bb5 27. Nxc5 Rc8 28. Qc3+ Kf7 29. b4 Qd4+ 30. Qxd4 Nxd4 31. Ne5+ Ke7 32. Rf1 Be8 33. Re1 a5 34. Rb1 axb4 35. Ne4 Rb8 36. Kf2 Rb5 37. Nc4 Bc6 38. Ke3 Nf5+ 39. Kf2 Bd5 40. Rb2 Rb7 41. Ned2 h5 42. a3 bxa3 43. Rxb7+ Bxb7 44. Nxa3 Kd6 45. g3 Kc5 46. Nc2 Bd5 47. Nf3 Bxf3 48. Kxf3 Nd4+ 49. Nxd4 Kxd4 50. Ke2 g5 51. h3 g4 52. hxg4 hxg4 53. Kd2 e5 54. Ke2 e4 55. dxe4 Kxe4 56. Kf2 Kd3 57. Kf1 Ke3 58. Kg2 Ke2 59. Kg1 Kf3 60. Kh2 Kf2 61. Kh1 Kxg3 62. Kg1 Kh3 63. Kh1 g3 0-1

[Event "Sunny Beach op 10th"]
[Site "Sunny Beach"]
[Date "2011.09.04"]
[Round "9"]
[White "Vasileva, Cveta"]
[Black "Koelbl, Jonathan"]
[Result "1-0"]
[WhiteElo "1493"]
[BlackElo "1878"]
[PlyCount "97"]
[EventDate "2011.08.27"]
[EventType "swiss"]
[EventRounds "9"]
[EventCountry "BUL"]
[SourceTitle "CBM 144 Extra"]
[Source "ChessBase"]
[SourceDate "2011.10.28"]
[SourceVersion "1"]
[SourceVersionDate "2011.10.28"]
[SourceQuality "1"]

1. d4 d6 2. c4 c6 3. Nc3 Nf6 4. e4 e5 5. dxe5 dxe5 6. Qxd8+ Kxd8 7. Bg5 h6 8. Rd1+ Kc7 9. Bxf6 gxf6 10. Bd3 Rg8 11. g3 Bb4 12. Nge2 Bg4 13. 0-0 Bxc3 14. bxc3 Nd7 15. f3 Bh3 16. Rf2 Rad8 17. Nc1 Nc5 18. Rfd2 Nxd3 19. Rxd3 Be6 20. c5 Rxd3 21. Rxd3 b6 22. cxb6+ axb6 23. Kf2 Ra8 24. Rd2 Ra3 25. Rc2 b5 26. f4 Kb6 27. f5 Bc4 28. g4 Ka5 29. h4 b4 30. Nb3+ Bxb3 31. axb3 c5 32. cxb4+ Kxb4 33. Rc4+ Kb5 34. Rc3 Ra2+ 35. Kg3 Rd2 36. g5 fxg5 37. hxg5 hxg5 38. f6 Rd6 39. Rf3 Ra6 40. Kg4 Kc6 41. Rd3 Kc7 42. Kxg5 Rd6 43. Rc3 Kb6 44. Kf5 Re6 45. Rd3 Kc7 46. Rd5 Kc6 47. Rxe5 Rxe5+ 48. Kxe5 Kb5 49. Kd5 1-0

[Event "Sunny Beach op 10th"]
[Site "Sunny Beach"]
[Date "2011.09.02"]
[Round "7"]
[White "Arnaudov, Petar"]
[Black "Koelbl, Jonathan"]
[Result "1-0"]
[WhiteElo "2194"]
[BlackElo "1878"]
[PlyCount "57"]
[EventDate "2011.08.27"]
[EventType "swiss"]
[EventRounds "9"]
[EventCountry "BUL"]
[SourceTitle "CBM 144 Extra"]
[Source "ChessBase"]
[SourceDate "2011.10.28"]
[SourceVersion "1"]
[SourceVersionDate "2011.10.28"]
[SourceQuality "1"]

1. e4 d6 2. Nc3 c6 3. g3 e5 4. Bg2 Nd7 5. Nge2 Be7 6. 0-0 Ngf6 7. d3 0-0 8. h3 Qc7 9. f4 b5 10. a3 Bb7 11. Be3 a6 12. g4 Qc8 13. g5 Ne8 14. f5 Bd8 15. h4 Bb6 16. Qd2 Qc7 17. Kh1 Bxe3 18. Qxe3 Nb6 19. h5 d5 20. Qg3 d4 21. Nd1 c5 22. Nf2 Rc8 23. Ng4 Nd7 24. f6 gxf6 25. Bh3 Kh8 26. Nh6 Qd8 27. Bxd7 Qxd7 28. gxf6 Qe6 29. Rg1 1-0

[Event "Sunny Beach op 10th"]
[Site "Sunny Beach"]
[Date "2011.08.31"]
[Round "5"]
[White "Kues, Jarl Hendrik"]
[Black "Koelbl, Jonathan"]
[Result "1-0"]
[WhiteElo "2170"]
[BlackElo "1878"]
[PlyCount "59"]
[EventDate "2011.08.27"]
[EventType "swiss"]
[EventRounds "9"]
[EventCountry "BUL"]
[SourceTitle "CBM 144 Extra"]
[Source "ChessBase"]
[SourceDate "2011.10.28"]
[SourceVersion "1"]
[SourceVersionDate "2011.10.28"]
[SourceQuality "1"]

1. c4 d6 2. g3 c6 3. Bg2 e5 4. Nc3 Be7 5. d4 Nf6 6. e3 Nbd7 7. Nge2 0-0 8. 0-0 h6 9. Qd3 Nh7 10. e4 a6 11. f4 exd4 12. Nxd4 Nc5 13. Qe2 Re8 14. Be3 Bf8 15. h3 Nf6 16. Qc2 Nfxe4 17. Nxe4 Nxe4 18. Bxe4 f5 19. Nxc6 bxc6 20. Bxc6 Rxe3 21. Qf2 Rxg3+ 22. Kh2 Rxh3+ 23. Kxh3 Rb8 24. Bd5+ Kh8 25. Rae1 Bd7 26. b3 a5 27. Re3 Be7 28. Qg2 g5 29. Qe2 Bf6 30. Qh5 1-0

[Event "Sunny Beach op 10th"]
[Site "Sunny Beach"]
[Date "2011.08.30"]
[Round "4"]
[White "Koelbl, Jonathan"]
[Black "Jiruse, Josef"]
[Result "0-1"]
[WhiteElo "1878"]
[BlackElo "2048"]
[PlyCount "82"]
[EventDate "2011.08.27"]
[EventType "swiss"]
[EventRounds "9"]
[EventCountry "BUL"]
[SourceTitle "CBM 144 Extra"]
[Source "ChessBase"]
[SourceDate "2011.10.28"]
[SourceVersion "1"]
[SourceVersionDate "2011.10.28"]
[SourceQuality "1"]

1. e4 c6 2. d4 g6 3. Nc3 d5 4. h3 Bg7 5. Nf3 Nh6 6. e5 f6 7. exf6 exf6 8. Bd3 0-0 9. 0-0 Nf5 10. Ne2 Nd6 11. Ng3 b6 12. c3 a5 13. Bb1 Re8 14. h4 Bg4 15. h5 gxh5 16. Qc2 Ne4 17. Nh4 Qc7 18. Re1 Nd7 19. Nxe4 dxe4 20. Rxe4 Nf8 21. Bf4 Qd8 22. Qd2 Ra7 23. Bc2 Rae7 24. Rae1 Rxe4 25. Rxe4 Rxe4 26. Bxe4 Qd7 27. Qc2 Be6 28. Be3 b5 29. Bf5 a4 30. b3 axb3 31. axb3 Qf7 32. Bxe6 Qxe6 33. c4 bxc4 34. bxc4 Nd7 35. Nf3 Bf8 36. Qd3 Bd6 37. d5 cxd5 38. cxd5 Qg4 39. Qb5 h4 40. Nxh4 Qd1+ 41. Qf1 Bh2+ 0-1

[Event "Landesliga U20 Sued 1011"]
[Site "Bayern"]
[Date "2011.01.22"]
[Round "4.1"]
[White "Koelbl, Jonathan"]
[Black "Eichinger, Christoph"]
[Result "1-0"]
[WhiteElo "1821"]
[BlackElo "1957"]
[PlyCount "93"]
[EventDate "2010.10.16"]
[EventType "team-tourn"]
[EventRounds "7"]
[EventCountry "GER"]
[SourceTitle "EXT 2022"]
[Source "ChessBase"]
[SourceDate "2021.10.06"]
[SourceVersion "1"]
[SourceVersionDate "2021.10.06"]
[SourceQuality "1"]
[WhiteTeam "Klosterlechfeld U20"]
[BlackTeam "Kareth Lappersdorf U20"]
[WhiteTeamCountry "GER"]
[BlackTeamCountry "GER"]

1. e4 c5 2. Nc3 Nc6 3. f4 g6 4. Nf3 Bg7 5. Bb5 Nd4 6. 0-0 Nxb5 7. Nxb5 d6 8. Qe1 a6 9. Nc3 e6 10. d3 Ne7 11. Qh4 b5 12. f5 exf5 13. Bh6 0-0 14. g4 f6 15. gxf5 Bxh6 16. Qxh6 Rf7 17. fxg6 hxg6 18. Qf4 Be6 19. Kf2 Kg7 20. Ke2 b4 21. Nd1 d5 22. e5 Nf5 23. Nf2 fxe5 24. Qxe5+ Qf6 25. Qxf6+ Kxf6 26. Ng4+ Kg7 27. Nge5 Re7 28. Kd2 Rh8 29. a3 Bc8 30. axb4 cxb4 31. Ra4 a5 32. Rxa5 Nd4 33. Nxd4 Rxh2+ 34. Kc1 Rxe5 35. Nf3 Rhe2 36. Nxe5 Rxe5 37. Ra7+ Kh6 38. Rc7 Bf5 39. Rb7 g5 40. Rxb4 g4 41. Kd2 Bd7 42. Rb7 Re7 43. Rf6+ Kg5 44. Rd6 g3 45. Rdxd7 Re6 46. Rxd5+ Kg6 47. Rb4 1-0

[Event "Landesliga U20 Sued 1011"]
[Site "Bayern"]
[Date "2010.12.04"]
[Round "2.1"]
[White "Koelbl, Jonathan"]
[Black "Scholz, Marc"]
[Result "1-0"]
[WhiteElo "1821"]
[BlackElo "1514"]
[PlyCount "41"]
[EventDate "2010.10.16"]
[EventType "team-tourn"]
[EventRounds "7"]
[EventCountry "GER"]
[SourceTitle "EXT 2022"]
[Source "ChessBase"]
[SourceDate "2021.10.06"]
[SourceVersion "1"]
[SourceVersionDate "2021.10.06"]
[SourceQuality "1"]
[WhiteTeam "Klosterlechfeld U20"]
[BlackTeam "Muenchen Tarrasch U20"]
[WhiteTeamCountry "GER"]
[BlackTeamCountry "GER"]

1. e4 e6 2. b3 d5 3. Bb2 dxe4 4. Nc3 Nf6 5. Qe2 Bb4 6. 0-0-0 Nbd7 7. Nxe4 b6 8. Nxf6+ Nxf6 9. Qb5+ Qd7 10. Qxb4 Nd5 11. Qg4 Rg8 12. a3 Bb7 13. c4 Qc6 14. Kb1 0-0-0 15. cxd5 Qxd5 16. Qc4 Qf5+ 17. Qc2 Qxf2 18. Nf3 Bxf3 19. gxf3 Qxf3 20. Ba6+ Kb8 21. Rhf1 1-0

[Event "Kesarovski Georgiev Memorial 9th"]
[Site "Sunny Beach"]
[Date "2010.09.04"]
[Round "8"]
[White "Katsarov, Hristo"]
[Black "Koelbl, Jonathan"]
[Result "0-1"]
[WhiteElo "1516"]
[BlackElo "1882"]
[PlyCount "124"]
[EventDate "2010.08.28"]
[EventType "swiss"]
[EventRounds "9"]
[EventCountry "BUL"]
[SourceTitle "CBM 138 Extra"]
[Source "ChessBase"]
[SourceDate "2010.10.29"]
[SourceVersion "1"]
[SourceVersionDate "2010.10.29"]
[SourceQuality "1"]

1. d4 d5 2. c4 e5 3. dxe5 d4 4. Nf3 Nc6 5. Bg5 Be7 6. Nbd2 Bxg5 7. Nb3 Be6 8. Nbxd4 Nxd4 9. Nxg5 Qxg5 10. Qxd4 Ne7 11. g3 Rd8 12. Qc3 0-0 13. Bg2 Bxc4 14. f4 Qg6 15. Qxc4 Qb6 16. Qb3 Qc5 17. Qc3 Qxc3+ 18. bxc3 b6 19. Kf2 Rd2 20. Rhd1 Rfd8 21. Rxd2 Rxd2 22. Be4 a5 23. Ke3 Rd8 24. g4 Nd5+ 25. Bxd5 Rxd5 26. c4 Rd8 27. a4 Kf8 28. Rc1 c6 29. h4 g6 30. Rb1 Rb8 31. Kd3 Ke7 32. e4 Kd7 33. Rd1 b5 34. Kc3+ Ke7 35. cxb5 cxb5 36. axb5 Rxb5 37. Rd5 Rb4 38. Rd4 Rb1 39. Ra4 Rg1 40. f5 Rxg4 41. fxg6 hxg6 42. Kd4 Rxh4 43. Rxa5 Rh1 44. Ra7+ Kf8 45. Ra6 Rd1+ 46. Ke3 Ke7 47. Ra7+ Ke6 48. Ra6+ Kxe5 49. Ra5+ Ke6 50. Ra6+ Rd6 51. Ra5 Kf6 52. Kf4 Re6 53. Rb5 g5+ 54. Rxg5 Rxe4+ 55. Kf3 Kxg5 56. Kxe4 Kg4 57. Ke3 f5 58. Kf2 Kf4 59. Ke2 Kg3 60. Kf1 Kf3 61. Ke1 Kg2 62. Ke2 f4 0-1

[Event "Kesarovski Georgiev Memorial 9th"]
[Site "Sunny Beach"]
[Date "2010.08.30"]
[Round "3"]
[White "Petruzalek, Radim"]
[Black "Koelbl, Jonathan"]
[Result "1/2-1/2"]
[WhiteElo "1606"]
[BlackElo "1882"]
[PlyCount "56"]
[EventDate "2010.08.28"]
[EventType "swiss"]
[EventRounds "9"]
[EventCountry "BUL"]
[SourceTitle "CBM 138 Extra"]
[Source "ChessBase"]
[SourceDate "2010.10.29"]
[SourceVersion "1"]
[SourceVersionDate "2010.10.29"]
[SourceQuality "1"]

1. d4 d5 2. Nf3 e6 3. e3 Nf6 4. Bd3 b6 5. b3 Bb7 6. Bb2 Nbd7 7. Nbd2 Bd6 8. 0-0 Rc8 9. Ne5 c5 10. f4 cxd4 11. exd4 Bxe5 12. fxe5 Ne4 13. Rc1 Qg5 14. Nf3 Qe3+ 15. Kh1 Nf2+ 16. Rxf2 Qxf2 17. Ng5 h5 18. Nh3 Qe3 19. Qf1 Nf8 20. Re1 Qd2 21. Re2 Qb4 22. Qc1 Nh7 23. a4 a6 24. Qf4 Qe7 25. Bc1 g6 26. Rf2 Rc7 27. Qh6 Qf8 28. Qf4 Qe7 1/2-1/2

[Event "Kesarovski Georgiev Memorial 9th"]
[Site "Sunny Beach"]
[Date "2010.08.29"]
[Round "2"]
[White "Koelbl, Jonathan"]
[Black "Hadzimanolis, Antonios"]
[Result "0-1"]
[WhiteElo "1882"]
[BlackElo "2341"]
[PlyCount "38"]
[EventDate "2010.08.28"]
[EventType "swiss"]
[EventRounds "9"]
[EventCountry "BUL"]
[SourceTitle "CBM 138 Extra"]
[Source "ChessBase"]
[SourceDate "2010.10.29"]
[SourceVersion "1"]
[SourceVersionDate "2010.10.29"]
[SourceQuality "1"]

1. e4 e5 2. f4 d5 3. exd5 exf4 4. Nf3 Nf6 5. Nc3 Nxd5 6. Nxd5 Qxd5 7. d4 Be7 8. c4 Qe4+ 9. Be2 0-0 10. 0-0 Bf5 11. Ne5 Bc5 12. dxc5 Qxe5 13. Qd5 Qxe2 14. Qxf5 Na6 15. b3 f3 16. Rxf3 Qd1+ 17. Rf1 Qd4+ 18. Qf2 Qxa1 19. Bb2 Qxa2 0-1

[Event "Regionalliga SW 0809"]
[Site "Bayern"]
[Date "2009.03.29"]
[Round "9.8"]
[White "Koelbl, Jonathan"]
[Black "Niedermayer, Julian Andi"]
[Result "1/2-1/2"]
[WhiteElo "1531"]
[BlackElo "1769"]
[PlyCount "72"]
[EventDate "2008.10.05"]
[EventType "team-tourn"]
[EventRounds "9"]
[EventCountry "GER"]
[SourceTitle "EXT 2020"]
[Source "ChessBase"]
[SourceDate "2019.10.17"]
[SourceVersion "1"]
[SourceVersionDate "2019.10.17"]
[SourceQuality "1"]
[WhiteTeam "Klosterlechfeld"]
[BlackTeam "Kriegshaber"]
[WhiteTeamCountry "GER"]
[BlackTeamCountry "GER"]

1. e4 c6 2. d4 d5 3. exd5 cxd5 4. c4 e6 5. Nc3 Nf6 6. Bg5 Bb4 7. Qa4+ Nc6 8. cxd5 exd5 9. Bb5 Bd7 10. Bxc6 Bxc3+ 11. bxc3 Bxc6 12. Qb4 b6 13. Bxf6 Qxf6 14. Nf3 Qe7+ 15. Qxe7+ Kxe7 16. Kd2 f6 17. Rhe1+ Kf7 18. Rab1 Rae8 19. Kd3 Rxe1 20. Nxe1 b5 21. Kd2 g5 22. Nd3 h5 23. Nc5 Re8 24. Rb3 a5 25. Rb1 h4 26. a3 g4 27. Re1 Rxe1 28. Kxe1 Kg6 29. Ke2 Kf5 30. Ke3 Kg5 31. Ne6+ Kf5 32. Nc5 a4 33. g3 hxg3 34. fxg3 Kg5 35. Ne6+ Kf5 36. Nc5 Kg5 1/2-1/2